[Event "Iasi op"]
[Site "Iasi"]
[Date "2014.05.13"]
[Round "4"]
[White "Sava, Catalin"]
[Black "Aravindh, Chithambaram VR"]
[Result "0-1"]
[WhiteElo "2150"]
[BlackElo "2439"]
[PlyCount "52"]
[EventDate "2014.05.10"]
[EventType "swiss"]
[EventRounds "9"]
[EventCountry "ROU"]
[SourceTitle "CBM 160 Extra"]
[Source "ChessBase"]
[SourceDate "2014.07.01"]
[SourceVersion "1"]
[SourceVersionDate "2014.07.01"]
[SourceQuality "1"]

1. e4 c5 2. Nf3 Nc6 3. d3 e6 4. c3 d5 5. Bg5 Be7 6. Bxe7 Ngxe7 7. Nbd2 0-0 8. Qc2 b6 9. 0-0-0 d4 10. Kb1 e5 11. Rg1 f6 12. Nh4 Be6 13. g3 dxc3 14. bxc3 b5 15. f4 b4 16. c4 Nd4 17. Qb2 a5 18. f5 Bd7 19. Ndf3 Nec6 20. Be2 a4 21. Nxd4 Nxd4 22. Nf3 a3 23. Qd2 Ba4 24. Rc1 b3 25. Nxd4 Qxd4 26. Qc3 b2 0-1

[Event "Iasi op"]
[Site "Iasi"]
[Date "2014.05.12"]
[Round "3"]
[White "Olinici, Emanuel"]
[Black "Sava, Catalin"]
[Result "0-1"]
[WhiteElo "1857"]
[BlackElo "2150"]
[PlyCount "46"]
[EventDate "2014.05.10"]
[EventType "swiss"]
[EventRounds "9"]
[EventCountry "ROU"]
[SourceTitle "CBM 160 Extra"]
[Source "ChessBase"]
[SourceDate "2014.07.01"]
[SourceVersion "1"]
[SourceVersionDate "2014.07.01"]
[SourceQuality "1"]

1. d4 d5 2. Nf3 c5 3. g3 cxd4 4. Nxd4 e5 5. Nb3 Nc6 6. Bg2 Be6 7. 0-0 f5 8. f4 e4 9. Be3 Nf6 10. h3 h5 11. Nc3 h4 12. gxh4 Rxh4 13. Qd2 Rh6 14. Nb5 Kf7 15. Rac1 Rg6 16. N5d4 Be7 17. Nxe6 Kxe6 18. Rfd1 Qh8 19. Kh1 Qh5 20. Bd4 Rh8 21. Qc3 Bb4 22. Nc5+ Kf7 23. Qe3 Nxd4 0-1